Occupancy costs of police stations (Record no. 111005)

MARC details
000 -LEADER
fixed length control field 00895cam a22002415a 4500
001 - CONTROL NUMBER
control field E150878
008 - FIXED-LENGTH DATA ELEMENTS--GENERAL INFORMATION
fixed length control field 100909s2010 xxkad f 000 0 eng d
020 ## - INTERNATIONAL STANDARD BOOK NUMBER
International Standard Book Number 9781907196102
035 ## - SYSTEM CONTROL NUMBER
System control number (Sirsi) u150878
041 0# - LANGUAGE CODE
Language code of text/sound track or separate title eng
050 04 - LIBRARY OF CONGRESS CALL NUMBER
Classification number 690.24 $2 18
110 2# - MAIN ENTRY--CORPORATE NAME
Corporate name or jurisdiction name as entry element Building Cost Information Service
9 (RLIN) 1096
245 00 - TITLE STATEMENT
Title Occupancy costs of police stations
260 ## - PUBLICATION, DISTRIBUTION, ETC.
Place of publication, distribution, etc. London
Name of publisher, distributor, etc. BCIS
Date of publication, distribution, etc. 2010
300 ## - PHYSICAL DESCRIPTION
Extent 88p.
Dimensions 30cm.
490 #0 - SERIES STATEMENT
Series statement BCIS Special Report
Volume/sequential designation August 2010
520 ## - SUMMARY, ETC.
Summary, etc. Provides current occupancy benchmarks for two police stations and shows the projected annual occupancy costs for the schemes. Includes projected annual expenditure charts and detailed estimates for individual elemnts and components.
521 ## - TARGET AUDIENCE NOTE
Target audience note Advanced
651 #4 - SUBJECT ADDED ENTRY--GEOGRAPHIC NAME
Geographic name United Kingdom
Chronological subdivision
690 ## - LOCAL SUBJECT ADDED ENTRY--TOPICAL TERM (OCLC, RLIN)
Topical term or geographic name as entry element BUILT ENVIRONMENT-BUILDING COSTS
690 ## - LOCAL SUBJECT ADDED ENTRY--TOPICAL TERM (OCLC, RLIN)
Topical term or geographic name as entry element PROPERTY-PROPERTY MANAGEMENT-OCCUPANCY COSTS
942 ## - ADDED ENTRY ELEMENTS (KOHA)
Suppress in OPAC 0
Holdings
Withdrawn status Lost status Source of classification or shelving scheme Damaged status Not for loan Home library Current library Shelving location Date acquired Total Checkouts Full call number Barcode Date last seen Copy number Price effective from Koha item type
    Dewey Decimal Classification     London London BCIS/BMI publications 06/06/2011   ENQUIRY DESK 30076916 06/08/2019 1 06/08/2019 Reference material
    Dewey Decimal Classification     London London BCIS/BMI publications 06/06/2011   ENQUIRY DESK 30076917 06/08/2019 2 06/08/2019 Reference material
    Dewey Decimal Classification     London London BCIS/BMI publications 16/01/2013   ENQUIRY DESK 30075128 06/08/2019 3 06/08/2019 Reference material